000 00709nam a2200241Ia 4500
003 OSt
005 20220923223420.0
006 a|||||r|||| 00| 0
007 ta
008 220922b |||||||| |||| 00| 0 hin d
024 _a215,026
037 _cTextual
040 _aARTS
_cARTS
_bhin
041 _2hin
_ahin
082 _aO152,3N12,56, M3-;1
100 _aमित्र, विमल
245 0 _aमिथुन लग्न
246 _aMithun lagna
260 _aदिल्ली
_b सन्मार्ग प्रका0
_c1983
300 _a127 पृ.
_ccm.
942 _hO152,3N12,56, M3-;1
_cTEXL
_2CC
999 _c364940
_d364940